La casa verde / (Registro nro. 10777)

Detalles MARC
000 -LIDER
fixed length control field 01030cam a2200373 i 4500
001 - NÚMERO DE CONTROL
Identificador de número de control 0000506
003 - IDENTIFICACDOR DE NÚMERO DE CONTROL
control field DO-SdBNP
005 - DATE AND TIME OF LATEST TRANSACTION
control field 20171213103035.0
007 - CAMPOS FIJOS DE DESCRIPCIÓN FÍSICA
fixed length control field 0000506
008 - ELEMENTOS DE LONGITUD FIJA
fixed length control field 100514s 2005 mx | |||| 000 f spa
015 ## - NÚMERO DENTRO DE LA BIBLIOGRAFÍA NACIONAL
National bibliography number
017 ## - NÚMERO DE REGISTRO DE DERECHOS DE AUTOR
Copyright or legal deposit number
Assigning agency
020 ## - ISBN
International Standard Book Number 9789707702493
035 ## - NÚMERO LOCAL
System control number
040 ## - FUENTE DE CATALOGACIÓN
Agencia que crea de manera original el registro BPMSU
Idioma de catalogación spa
Agencia que realiza la transcripción BPMSU
Convenciones de la despripción
080 ## - NÚMERO DE CLASIFICACIÓN DECIMAL UNIVERSAL
Universal Decimal Classification number
082 #4 - NÚMERO DE CLASIFICACIÓN DECIMAL DE DEWEY
Classification number Pe863.44
Item number V297ca 2010
100 1# - ASIENTO PRINCIPAL -- NOMBRE PERSONAL
Nombre personal Vargas Llosa, Mario
Fechas asociadas con el nombre 1936-
245 13 - MENCIÓN DE TITULO
Título La casa verde /
Medio (Designación general de material)
Mención de responsabilidad Mario Vargas Llosa
250 ## - MENCIÓN DE EDICION
Mención de edición 1a ed en México 2a. reimpresión
260 ## - PUBLICACIÓN, DISTRIBUCIÓN, ETC. (PIE DE IMPRENTA)
Lugar de publicación, distribución, etc México :
Nombre del editor, distribuidor, etc. Alfaguara,
Fecha de publicación, distribución, etc 2010
300 ## - DESCRIPCIÓN FÍSICA
Extensión 525 p. ;
Dimensiones 23 cm
490 1# - MENCIÓN DE SERIES
Mención de serie Biblioteca Mario Vargas Llosa
500 ## - NOTA GENERAL
Nota general Incluye datos biográficos del autor.
586 ## - AWARDS NOTE
Awards note Premio Nobel de Literatura 2010.
600 ## - ENCABEZAMIENTO DE MATERIA--NOMBRE PERSONAL
Forma completa del nombre
650 #4 - ENCABEZAMIENTO DE MATERIA--TEMÁTICO
Término temático o nombre geográfico como elemento de entrada NOVELA PERUANA
650 #4 - ENCABEZAMIENTO DE MATERIA--TEMÁTICO
Término temático o nombre geográfico como elemento de entrada LITERATURA PERUANA
830 #0 - ASIENTO SECUNDARIO DE SERIE--TÍTULO UNIFORME
Título uniforme Biblioteca Mario Vargas Llosa
942 ## - ADDED ENTRY ELEMENTS (KOHA)
Source of classification or shelving scheme Dewey Decimal Classification
Koha item type Libros
945 ## - INFORMACIÓN DE PROCESAMIENTO LOCAL
Información de procesamiento local Inventariado extranjero / 2017 VM
956 ## - LOCAL ELECTRONIC LOCATION AND ACCESS (OCLC)
Nombre de host
Campo enlazado y núm. de secuencia
Información de compresión
956 ## - LOCAL ELECTRONIC LOCATION AND ACCESS (OCLC)
Nombre de host VMATEO
Campo enlazado y núm. de secuencia 10
Información de compresión 20160928
Método de acceso BPMSU
Materiales especificados 0069
Existencias
Withdrawn status Lost status Source of classification or shelving scheme Damaged status Not for loan Collection code Home library Current library Date acquired Source of acquisition Total Checkouts Full call number Barcode Date last seen Price effective from Koha item type Copy number
    Dewey Decimal Classification     Colección General Biblioteca Pública Metropolitana Salomé Ureña Biblioteca Pública Metropolitana Salomé Ureña 07/08/2016 Alfaguara   Pe863.44 V297ca 2010 BPMSU16070261 07/08/2016 07/08/2016 Libros  
    Dewey Decimal Classification     Colección General Biblioteca Pública Metropolitana Salomé Ureña Biblioteca Pública Metropolitana Salomé Ureña 07/08/2016 Alfaguara   Pe863.44 V297ca 2010 BPMSU16070262 07/08/2016 07/08/2016 Libros e. 2